<?xml version="1.0" encoding="UTF-8"?>
<record
    xmlns:xsi="http://www.w3.org/2001/XMLSchema-instance"
    xsi:schemaLocation="http://www.loc.gov/MARC21/slim http://www.loc.gov/standards/marcxml/schema/MARC21slim.xsd"
    xmlns="http://www.loc.gov/MARC21/slim">

  <leader>02099nam a22002777a 4500</leader>
  <controlfield tag="001">427</controlfield>
  <controlfield tag="003">OSt</controlfield>
  <controlfield tag="005">20250624105021.0</controlfield>
  <controlfield tag="008">250618b        |||||||| |||| 00| 0 eng d</controlfield>
  <datafield tag="040" ind1=" " ind2=" ">
    <subfield code="b">por</subfield>
  </datafield>
  <datafield tag="041" ind1=" " ind2=" ">
    <subfield code="a">por</subfield>
  </datafield>
  <datafield tag="082" ind1=" " ind2=" ">
    <subfield code="a">133.93</subfield>
    <subfield code="b">A582a</subfield>
  </datafield>
  <datafield tag="100" ind1=" " ind2=" ">
    <subfield code="a">&#xC2;ngelis, Joanna de</subfield>
    <subfield code="c">(espirito)</subfield>
  </datafield>
  <datafield tag="245" ind1=" " ind2=" ">
    <subfield code="a">Autodescobrimento - </subfield>
    <subfield code="b">Uma busca interior /</subfield>
    <subfield code="c">&#xC2;ngelis, Joanna de (espirito) ; Psicografado por Divaldo Pereira Franco</subfield>
  </datafield>
  <datafield tag="250" ind1=" " ind2=" ">
    <subfield code="a">4 ed.</subfield>
  </datafield>
  <datafield tag="260" ind1=" " ind2=" ">
    <subfield code="a">Salvador</subfield>
    <subfield code="b">Alvorada</subfield>
    <subfield code="c">1995</subfield>
  </datafield>
  <datafield tag="300" ind1=" " ind2=" ">
    <subfield code="a">171 p.</subfield>
  </datafield>
  <datafield tag="520" ind1=" " ind2=" ">
    <subfield code="a">Muito antes da valiosa contribui&#xE7;&#xE3;o dos psiquiatras e psic&#xF3;logos humanistas e transpessoais, quais Jubler Ross, Grof, Raymond Moody J&#xFA;nior, Maslow, Tart, Viktor Frankl, Coleman e outros, que colocaram a alma como base dos fen&#xF4;menos humanos, a psicologia esp&#xED;rita demonstrou que, sem uma vis&#xE3;o espiritual da exist&#xEA;ncia f&#xED;sica, a pr&#xF3;pria vida permaneceria sem sentido ou significado.

O reducionismo, em psicologia, torna o ser humano um amontoado de c&#xE9;lulas sob o comando do sistema nervoso central, vitimado pelos fatores da hereditariedade e pelos caprichos aberrantes do acaso.

A sa&#xFA;de e a doen&#xE7;a, a felicidade e a desdita, a genialidade e as patologias mentais, limitadoras e cru&#xE9;is, n&#xE3;o passam de ocorr&#xEA;ncias est&#xFA;pidas da eventualidade gen&#xE9;tica.

Assim considerado, o ser humano come&#xE7;aria na concep&#xE7;&#xE3;o e anular-se-ia na morte, um per&#xED;odo muito breve para o trabalho que a Natureza aplicou mais de dois bilh&#xF5;es de anos, aglutinando e aprimorando mol&#xE9;culas, que se transformaram em um c&#xF3;digo biol&#xF3;gico fatalista...

Por outro lado, a engenharia gen&#xE9;tica atual, aliando-se &#xE0; biologia molecular, come&#xE7;a a detectar a energia como fator causal parea a constru&#xE7;&#xE3;o do indiv&#xED;duo, que passa a ser herdeiro de si mesmo, nos avan&#xE7;ados processos das experi&#xEA;ncias da evolu&#xE7;&#xE3;o.</subfield>
  </datafield>
  <datafield tag="650" ind1=" " ind2="0">
    <subfield code="a">Literatura Brasileira</subfield>
    <subfield code="9">205</subfield>
  </datafield>
  <datafield tag="650" ind1=" " ind2="0">
    <subfield code="a">Psicologia esp&#xED;rita</subfield>
    <subfield code="9">923</subfield>
  </datafield>
  <datafield tag="650" ind1=" " ind2="0">
    <subfield code="a">Psicografias</subfield>
    <subfield code="9">485</subfield>
  </datafield>
  <datafield tag="650" ind1=" " ind2="0">
    <subfield code="a"> Sentido da vida</subfield>
    <subfield code="9">759</subfield>
  </datafield>
  <datafield tag="655" ind1=" " ind2="0">
    <subfield code="a">Romance</subfield>
    <subfield code="9">23</subfield>
  </datafield>
  <datafield tag="700" ind1="1" ind2=" ">
    <subfield code="a">Franco, Divaldo Pereira</subfield>
    <subfield code="d">1927- 2025</subfield>
    <subfield code="9">922</subfield>
  </datafield>
  <datafield tag="942" ind1=" " ind2=" ">
    <subfield code="2">ddc</subfield>
    <subfield code="n">0</subfield>
    <subfield code="c">BK</subfield>
  </datafield>
  <datafield tag="952" ind1=" " ind2=" ">
    <subfield code="0">0</subfield>
    <subfield code="1">0</subfield>
    <subfield code="2">ddc</subfield>
    <subfield code="4">0</subfield>
    <subfield code="7">0</subfield>
    <subfield code="8">NFIC</subfield>
    <subfield code="a">BIBIB</subfield>
    <subfield code="b">BIBIB</subfield>
    <subfield code="c">PF</subfield>
    <subfield code="d">2025-06-18</subfield>
    <subfield code="e">doa&#xE7;&#xE3;o</subfield>
    <subfield code="l">0</subfield>
    <subfield code="o">133.93 / A582a</subfield>
    <subfield code="p">2025-17358</subfield>
    <subfield code="r">2025-06-18 08:07:21</subfield>
    <subfield code="w">2025-06-18</subfield>
    <subfield code="y">BK</subfield>
  </datafield>
  <datafield tag="999" ind1=" " ind2=" ">
    <subfield code="c">427</subfield>
    <subfield code="d">427</subfield>
  </datafield>
</record>
